000 00605cam a2200181 a 4500
020 _a187341031X :
040 _cDLC
082 _a331 JAP 1995 A070 Or.
100 1 _aWiltshire, Richard.
245 1 0 _aRelocating the Japanese worker :
_bgeographical perspectives on personnel transfers, career mobility and economic restructuring /
260 _aKent :
_bJapan Library,
_c1995.
300 _ax, 235 p. :
_bill. ;
_c24 cm.
650 0 _aEmployees
650 0 _aLabor mobility
650 0 _aOccupational mobility
856 4 2 _uhttp://www.loc.gov/catdir/enhancements/fy0909/94221312-d.html
942 _cEK
999 _c14783
_d14783